| 000 | 00424nam a22001697a 4500 | ||
|---|---|---|---|
| 003 | MPLRDC | ||
| 005 | 20220104114651.0 | ||
| 008 | 210129b ||||| |||| 00| 0 eng d | ||
| 082 | _a327.49 XSP | ||
| 100 | _a许绍鹏 | ||
| 245 |
_a八字. 精解. 万年历 _c |
||
| 260 |
_a _b大台北出版社 _c1985 |
||
| 300 | _b平 | ||
| 490 | _a算命丛书. 无师自通 | ||
| 650 | _a历书--万年历 | ||
| 942 |
_cBK _o327.49 XSP |
||
| 999 |
_c9274 _d9264 |
||